00723nam a22001697a 450000500170000002000230001703500230004003700130006310000180007624501180009426000550021230000230026794200220029099900170031295201060032995201180043520180823143537.0 a8173914060c395.00 aB-058671, B-058673 aDPLbENG aChopra, H. S. aLibraries and the culture of knowledge :bAn indian retrospective from ancient to modern times /cby H. S. Chopra aNew DelhibKanishka Publishers, Distributorsc2001 axi, 160p.c20 cms. 2ddccENh020mLIB c63432d63432 001040708NFICaZLSbZLSd2012-02-25g395.00l0o020 LIBpB-058671r2012-02-25 00:00:00v395.00yEN 001040708NFICaBL4bBL4d2018-08-23eBPPD/PUBg395.00l0o020 LIBr2018-08-23 00:00:00v395.00w2018-08-23yEN